000 00325nam a2200133 i 4500
001 bg
100 1 _aKARPIŃSKI, Piotr
245 0 _aMass Crystalization in a fluidized bed /
_cPiotr Karpiński.
260 _aWrocław,
_c1981.
040 _cBPK
041 _apol
942 _cKS
008 s pl f |000 0 pol
999 _c20099
_d20099
856 _uhttp://koha.tu.koszalin.pl/cgi-bin/koha/opac-detail.pl?biblionumber=20099
_yKatalog online BPK